Die malerfamilie Holbein in Basel (Record no. 7853)

MARC details
000 -CABECERA
campo de control de longitud fija 00644nam a2200229 a 4500
001 - NÚMERO DE CONTROL
campo de control BRCA_8185
005 - FECHA Y HORA DE LA ÚLTIMA TRANSACCIÓN
campo de control 20190320210152.0
008 - DATOS DE LONGITUD FIJA--INFORMACIÓN GENERAL
campo de control de longitud fija 080514s1960----sz-a###f##---#000-0#ger-#
041 ## - CÓDIGO DE LENGUA
Código de lengua del texto/banda sonora o título independiente ger
044 ## - CÓDIGO DEL PAÍS DE LA ENTIDAD EDITORA/PRODUCTORA
Código MARC del país sz
050 #4 - SIGNATURA TOPOGRÁFICA DE LA BIBLIOTECA DEL CONGRESO
Número de clasificación ND196
Número de documento/Ítem .M3
-- 1960
245 10 - MENCIÓN DE TÍTULO
Título Die malerfamilie Holbein in Basel
Mención de responsabilidad, etc. ausstellungskomission prof. Joseph Ganter.
260 ## - PUBLICACIÓN, DISTRIBUCIÓN, ETC.
Lugar de publicación, distribución, etc. Basilea, Suiza
Nombre del editor, distribuidor, etc. Druck
Fecha de publicación, distribución, etc. 1960
300 ## - DESCRIPCIÓN FÍSICA
Extensión 342 p.
Otras características físicas il., 113 láminas
Dimensiones 24 cm.
500 ## - NOTA GENERAL
Nota general X95
504 ## - NOTA DE BIBLIOGRAFÍA, ETC.
Nota de bibliografía, etc. Bibliografía p. 38-55
600 14 - PUNTO DE ACCESO ADICIONAL DE MATERIA--NOMBRE DE PERSONA
Nombre de persona Holbein, Hans
Fechas asociadas al nombre 1497-1543
9 (RLIN) 10385
650 14 - PUNTO DE ACCESO ADICIONAL DE MATERIA--TÉRMINO DE MATERIA
Término de materia o nombre geográfico como elemento de entrada Pintores alemanes
9 (RLIN) 797
700 1# - PUNTO DE ACCESO ADICIONAL--NOMBRE DE PERSONA
Nombre de persona Ganter, Joseph
9 (RLIN) 20401
902 ## - CATALOGADOR
Iniciales GFM
942 ## - ELEMENTOS DE PUNTO DE ACCESO ADICIONAL (KOHA)
Fuente del sistema de clasificación o colocación Library of Congress Classification
Tipo de ítem Koha Libros
Holdings
Estado de retiro Estado de pérdida Estado dañado No para préstamo Localización permanente Ubicación/localización actual Fecha de adquisición Número de inventario Total de préstamos Signatura topográfica completa Código de barras Fecha visto por última vez Precio válido a partir de Tipo de ítem Koha
El ejemplar forma parte de la colección y puede ser consultado según las políticas vigentes.       Biblioteca del Museo Franz Mayer (Rogerio Casas-Alatriste) Biblioteca del Museo Franz Mayer (Rogerio Casas-Alatriste) 08/05/2014 X95   ND196 .M3 1960 (X95) 8809 22/03/2019 22/03/2019 Libros